| Tag |
First Indicator |
Second Indicator |
Subfields |
| LEADER |
00000pam a2200000 a 4500 |
| 001 |
in00000085482 |
| 005 |
20151008061513.0 |
| 008 |
811029s1982 ilu b 00110 eng |
| 010 |
|
|
|a 81018790
|
| 020 |
|
|
|a 0882295144
|
| 020 |
|
|
|z 088297988 (pbk.)
|
| 035 |
|
|
|a (OCoLC)07946413
|
| 035 |
|
|
|9 AAJ8204AM
|
| 039 |
0 |
|
|a 2
|b 3
|c 3
|d 3
|e 3
|
| 040 |
|
|
|a DLC
|c DLC
|d TXA
|d UtOrBLW
|
| 043 |
|
|
|a n-us---
|
| 049 |
|
|
|a TXAM
|c [802256]
|
| 050 |
0 |
0 |
|a MT3.U5
|b C747 1982
|
| 082 |
0 |
|
|a 784.5/00973
|2 19
|
| 100 |
1 |
|
|a Cooper, B. Lee.
|
| 245 |
1 |
0 |
|a Images of American society in popular music :
|b a guide to reflective teaching /
|c B. Lee Cooper.
|
| 264 |
|
1 |
|a Chicago :
|b Nelson-Hall,
|c [1982]
|
| 264 |
|
4 |
|c ©1982
|
| 300 |
|
|
|a xviii, 282 pages ;
|c 23 cm.
|
| 336 |
|
|
|a text
|b txt
|2 rdacontent
|
| 337 |
|
|
|a unmediated
|b n
|2 rdamedia
|
| 338 |
|
|
|a volume
|b nc
|2 rdacarrier
|
| 500 |
|
|
|a Includes indexes.
|
| 504 |
|
|
|a Bibliography: pages 235-264.
|
| 650 |
|
0 |
|a School music
|x Instruction and study
|z United States.
|
| 650 |
|
0 |
|a Popular music
|x Instruction and study.
|
| 650 |
|
0 |
|a Music
|x Social aspects.
|
| 999 |
|
|
|a MARS
|
| 999 |
f |
f |
|s e67af5fe-8628-3ee3-86cc-dd9d326bb36c
|i 9b6b62df-ea04-3787-990c-5903c6473181
|t 0
|
| 952 |
f |
f |
|p ric
|a Texas A&M University
|b Rellis Campus
|c Joint Library Facility
|d Remote Storage
|t 0
|e MT3.U5 C747 1982
|h Library of Congress classification
|i unmediated -- volume
|m A14843198541
|
| 998 |
f |
f |
|a MT3.U5 C747 1982
|t 0
|l Remote Storage
|